Pautes per elaborar un inventari de béns
Publicado:
Barcelona :
Diputació de Barcelona. Intervenció General. Servei d'Assitència a la Gestió Econòmica Local ,
2006
Descripción Física:
55 p. : taules ; 29 cm
MARC
| LEADER | 00000nam a2200000Ia 4500 | ||
|---|---|---|---|
| 001 | 21005 | ||
| 008 | 160829s2006 xx 000 0 cat d | ||
| 080 | |a M-6-125 | ||
| 245 | |a Pautes per elaborar un inventari de béns | ||
| 260 | |a Barcelona : |b Diputació de Barcelona. Intervenció General. Servei d'Assitència a la Gestió Econòmica Local, |c 2006 | ||
| 300 | |a 55 p. : |b taules ; |c 29 cm | ||
| 650 | |a Patrimoni municipal |x Formació |x Manuals, guies, etc. |9 42058 | ||
| 710 | 1 | |a Barcelona (Catalunya : Província). |b Servei d’Assistència a la Gestió Econòmica Local |9 53081 | |
| 901 | |a Arxiu | ||
| 942 | |n 1 | ||
| 952 | |0 0 |1 0 |4 0 |6 M6125 |7 1 |9 50641 |a Arxiu |b Arxiu |d 2016-12-01 |l 0 |o M-6-125 |p 21005 |r 2016-12-01 00:00:00 |w 2016-12-01 |y ARXIU | ||
| 999 | |c 54483 |d 54483 | ||